| 000 | 00000nam 2200000zi 4500 |
| 001 | 9.920230 |
| 003 | CaOODSP |
| 005 | 20230504143231 |
| 006 | m o d f |
| 007 | cr mn||||||||| |
| 008 | 230217t20232023quc o f000 0 eng d |
| 020 | |a9780660476919 |
| 040 | |aCaOODSP|beng|erda|cCaOODSP |
| 043 | |an-cn--- |
| 086 | 1 |aEn4-534/2023E-PDF |
| 245 | 00|aCredit and tracking system : |bGHG offset credit system account opening and first project registration user guide. |
| 264 | 1|aGatineau QC : |bEnvironment and Climate Change Canada = Environnement et changement climatique Canada, |c2023. |
| 264 | 4|c©2023 |
| 300 | |a1 online resource (46 pages) |
| 336 | |atext|btxt|2rdacontent |
| 337 | |acomputer|bc|2rdamedia |
| 338 | |aonline resource|bcr|2rdacarrier |
| 500 | |aIssued also in French under title: Système de création et de suivi des crédits : guide d'utilisateur pour l'ouverture d'un compte de régime de crédits compensatoires des GES et l'inscription d'un premier projet. |
| 500 | |a"Version 1.0." |
| 650 | 0|aCarbon dioxide mitigation|xGovernment policy|zCanada. |
| 650 | 0|aGreenhouse gas mitigation|xGovernment policy|zCanada. |
| 710 | 1 |aCanada. |bEnvironment and Climate Change Canada, |eissuing body. |
| 775 | 08|tSystème de création et de suivi des crédits : |w(CaOODSP)9.920232 |
| 856 | 40|qPDF|s3.34 MB|uhttps://publications.gc.ca/collections/collection_2023/eccc/en4/En4-534-2023-eng.pdf |
| 986 | |aEC22043 |